000 00350nam a2200145Ia 4500
008 200103s9999||||xx |||||||||||||| ||und||
020 _a8123900120
040 _aIMU-MPC
082 _aColumn-11
100 _aKrishnan, M S
245 0 _aGeology of india and burma.
260 _bCBS Publishers and Distributers
_c1982
300 _a536
942 _cBK
999 _c4554
_d4554